000 00598nam a2200193 i 4500
001 147681
003 ES-MaACL
005 20230906202215.0
007 t|
008 071004s1983 sp |||| | spa d
080 _a681.332(02)
100 1 _aUrmaiev, A.
_9112189
245 1 0 _aCalculadores analógicos
_b: elementos de simulación /
_cA. Urmaiev ; [traducido por Luis Rodríguez-Roselló].
260 _aMadrid :
_bParaninfo,
_c1983.
300 _a296 p. ;
_c22 cm.
650 1 4 _aOrdenadores analógicos.
_915742
700 1 _aRodríguez-Roselló, Luis.
_998777
852 _aES-MaACL
_jL-4802
999 _c147681
_d147681